Sports Quiz

Random Sports or NHL Quiz
Score 0/126 Timer 15:00
0 Plays Today
Franchise Face % Correct
New Jersey DevilsMartin Brodeur
88.6%
New York RangersMark Messier
85.3%
Edmonton OilersMark Messier
85.3%
Pittsburgh PenguinsMario Lemieux
83.1%
Edmonton OilersWayne Gretzky
82.8%
Los Angeles KingsWayne Gretzky
82.8%
Boston BruinsBobby Orr
82.2%
Montreal CanadiensPatrick Roy
80.8%
Colorado Avalanche/Quebec NordiquesPatrick Roy
80.8%
New Jersey DevilsScott Stevens
80.6%
New York RangersJaromir Jagr
80.6%
Pittsburgh PenguinsJaromir Jagr
80.6%
Washington CapitalsAlexander Ovechkin
79.7%
Pittsburgh PenguinsSidney Crosby
79.2%
Tampa Bay LightningMartin St. Louis
77.8%
Detroit Red WingsSteve Yzerman
77.5%
OversightsAnyone But Jagr
77.5%
Chicago BlackhawksBobby Hull
77.2%
St. Louis BluesBrett Hull
77.2%
Montreal CanadiensMaurice Richard
76.4%
New York IslandersMike Bossy
76.1%
Ottawa SenatorsDaniel Alfredsson
76.1%
Montreal CanadiensHenri Richard
75.6%
Buffalo SabresDominik Hasek
75.3%
Columbus Blue JacketsRick Nash
75.3%
Detroit Red WingsGordie Howe
75%
Colorado Avalanche/Quebec NordiquesJoe Sakic
73.9%
Philadelphia FlyersBobby Clarke
73.3%
Philadelphia FlyersRon Hextall
73.1%
Anaheim (Mighty) DucksTeemu Selanne
72.2%
New York RangersBrian Leetch
71.7%
Philadelphia FlyersEric Lindros
71.7%
Boston BruinsRay Bourque
70.8%
Toronto Maple LeafsMats Sundin
70.8%
Tampa Bay LightningVincent Lecavalier
70.6%
Detroit Red WingsNicklas Lidstrom
70.3%
Dallas Stars/Minnesota North StarsMike Modano
69.4%
San Jose SharksJoe Thornton
68.9%
Carolina Hurricanes/Hartford WhalersRon Francis
68.1%
Calgary/Atlanta FlamesJarome Iginla
67.8%
New York IslandersDenis Potvin
67.2%
Florida PanthersPavel Bure
67.2%
Franchise Face % Correct
Vancouver CanucksPavel Bure
67.2%
Colorado Avalanche/Quebec NordiquesPeter Forsberg
66.7%
Anaheim (Mighty) DucksPaul Kariya
66.4%
Tampa Bay LightningPhil Esposito
65.6%
Winnipeg Jets/Atlanta ThrashersIlya Kovalchuk
65%
Carolina Hurricanes/Hartford WhalersEric Staal
64.7%
San Jose SharksPatrick Marleau
64.7%
Nashville PredatorsShea Weber
64.2%
Calgary/Atlanta FlamesTheoren Fleury
63.9%
Los Angeles KingsLuc Robitaille
62.8%
Anaheim (Mighty) DucksJean-Sebastian Giguere
62.5%
Washington CapitalsOlaf Kolzig
61.7%
Winnipeg Jets/Atlanta ThrashersDany Heatley
61.7%
Phoenix Coyotes/Winnipeg JetsShane Doan
60.3%
Buffalo SabresPat Lafontaine
59.2%
OversightsGuy LaFleur
59.2%
Minnesota WildMarian Gaborik
58.9%
Carolina Hurricanes/Hartford WhalersRod Brind'Amour
57.2%
Vancouver CanucksMarkus Naslund
57.2%
San Jose SharksEvgeni Nabokov
56.7%
Buffalo SabresGilbert Perreault
56.1%
Pittsburgh PenguinsTom Barrasso
55.8%
Chicago BlackhawksJonathan Toews
55.8%
Philadelphia FlyersBernie Parent
55%
Florida PanthersJohn Vanbiesbrouck
55%
Los Angeles KingsMarcel Dionne
55%
Minnesota WildMikko Koivu
54.7%
Montreal CanadiensJean Beliveau
54.2%
Boston BruinsCam Neely
53.9%
Nashville PredatorsBarry Trotz
53.9%
Vancouver CanucksTrevor Linden
53.3%
Colorado Avalanche/Quebec NordiquesAdam Foote
52.8%
Nashville PredatorsTomas Vokoun
51.1%
New York IslandersAl Arbour
50.3%
Calgary/Atlanta FlamesMike Vernon
49.7%
New Jersey DevilsLou Lamoriello
48.3%
Ottawa SenatorsAlexei Yashin
48.1%
Edmonton OilersRyan Smyth
48.1%
Tampa Bay LightningDave Andreychuk
46.7%
Detroit Red WingsTed Lindsay
46.7%
Phoenix Coyotes/Winnipeg JetsJeremy Roenick
46.1%
OversightsJeremy Roenick
46.1%
Franchise Face % Correct
San Jose SharksOwen Nolan
43.9%
Florida PanthersOlli Jokinen
43.6%
St. Louis BluesBernie Federko
42.5%
Minnesota WildJacques Lemaire
40.3%
Toronto Maple LeafsBorje Salming
40%
Washington CapitalsRod Langway
38.3%
Dallas Stars/Minnesota North StarsSergei Zubov
38.3%
OversightsLanny McDonald
36.7%
Edmonton OilersKevin Lowe
36.1%
St. Louis BluesBrian Sutter
33.1%
Vancouver CanucksStan Smyl
33.1%
Los Angeles KingsRogie Vachon
32.2%
Nashville PredatorsDavid Poile
31.9%
Carolina Hurricanes/Hartford WhalersGlen Wesley
30.8%
Columbus Blue JacketsDavid Vyborny
28.9%
OversightsKen Hitchcock
28.3%
Washington CapitalsDale Hunter
28.1%
Chicago BlackhawksRocky Wirtz
26.7%
Chicago BlackhawksWilliam Wirtz
26.1%
Phoenix Coyotes/Winnipeg JetsTeppo Numminen
24.4%
Boston BruinsMilt Schmidt
21.1%
Dallas Stars/Minnesota North StarsJere Lehtinen
21.1%
OversightsMike Milbury
21.1%
Toronto Maple LeafsConn Smythe
18.9%
Ottawa SenatorsAlexandre Daigle
16.9%
Toronto Maple LeafsTeeder Kennedy
16.4%
Dallas Stars/Minnesota North StarsBob Gainey
15.3%
Minnesota WildNick Schultz
15%
New York IslandersBill Torrey
11.1%
Winnipeg Jets/Atlanta ThrashersDon Waddell
11.1%
Phoenix Coyotes/Winnipeg JetsDon Maloney
10.3%
St. Louis BluesBob Plager
10%
Calgary/Atlanta FlamesCliff Fletcher
9.2%
Buffalo SabresRob Ray
8.6%
New York RangersFrank Boucher
6.7%
New Jersey DevilsJohn McMullen
6.1%
Anaheim (Mighty) DucksSammy Pahlsson
5.8%
Ottawa SenatorsA Goalie to be Named Later
5%
Winnipeg Jets/Atlanta ThrashersDan Snyder
5%
Columbus Blue JacketsJody Shelley
3.6%
Florida PanthersAlan Cohen
3.3%
Columbus Blue JacketsTyler Wright
3.1%

You're not logged in!

Compare scores with friends on all Sporcle quizzes.
OR
Log In

Sporcle TV

Today on Sporcle TV


Watch our educational content, quiz creation guides, and fun videos on Sporcle TV.

Show Comments

Extras

Top Quizzes Today


Score Distribution

Paid Content

Your Account Isn't Verified!

In order to create a playlist on Sporcle, you need to verify the email address you used during registration. Go to your Sporcle Settings to finish the process.

Report this User

Report this user for behavior that violates our Community Guidelines.

Details: